| 000 -LEADER |
| fixed length control field |
00377nam a2200133 4500 |
| 008 - FIXED-LENGTH DATA ELEMENTS--GENERAL INFORMATION |
| fixed length control field |
200306b ||||| |||| 00| 0 eng d |
| 082 00 - DEWEY DECIMAL CLASSIFICATION NUMBER |
| Classification number |
515.3 |
| Item number |
G724 |
| 100 ## - MAIN ENTRY--PERSONAL NAME |
| 9 (RLIN) |
2099 |
| Personal name |
Goyal, D. R. |
| 245 10 - TITLE STATEMENT |
| Title |
Complete guide to differential calculus / |
| 260 ## - PUBLICATION, DISTRIBUTION, ETC. (IMPRINT) |
| Place of publication, distribution, etc |
Meerut |
| Name of publisher, distributor, etc |
Pragati Prakashan |
| Date of publication, distribution, etc |
1977 |
| 300 ## - PHYSICAL DESCRIPTION |
| Extent |
492 p. |
| 650 #0 - SUBJECT ADDED ENTRY--TOPICAL TERM |
| Topical term or geographic name as entry element |
Differential Calculus |
| 942 ## - ADDED ENTRY ELEMENTS (KOHA) |
| Source of classification or shelving scheme |
|
| Item type |
Books |